| 000 | 00864nam a22003130a 4500 | ||
|---|---|---|---|
| 001 | PT45182 | ||
| 003 | AR-LpoUNG | ||
| 005 | 20210131231043.0 | ||
| 008 | 191001s2008||||ag |||||||||||||||||spa d | ||
| 020 |
_a9879870539667 _c$141 |
||
| 040 |
_aAR-LpoUNG _bspa _cAR-LpoUNG _eaacr |
||
| 041 | _aspa | ||
| 044 | _aag | ||
| 082 | 0 | _a982.04 972per | |
| 100 | 1 | _aCunietti-Ferrando, Arnaldo | |
| 245 | 1 | 0 |
_aPersonajes de la ribera porteña : _buna historia de aguateros, lavanderas, pescadores y bañistas |
| 250 | _a1§ ed. | ||
| 260 |
_aBuenos Aires : _bLulemar, _c2008. |
||
| 300 |
_a192 p. : _bfot., il. |
||
| 650 | 4 | _aANALISIS HISTORICO | |
| 650 | 4 | _aANALISIS SOCIOLOGICO | |
| 650 | 4 | _aARGENTINA | |
| 650 | 4 | _aDESARROLLO DE LA COMUNIDAD | |
| 650 | 4 | _aHISTORIA | |
| 650 | 4 | _aHISTORIA SOCIAL | |
| 651 | 4 | _aArgentina | |
| 905 | _a45182 | ||
| 942 | _cLIB | ||
| 999 |
_c7704 _d7704 |
||